01540nam a2200301 a 4500001001000000005001700010008004100027041000800068044000800076084002100084100004500105245011000150260003700260300001700297500016600314500018900480500017700669500001000846546002400856650005200880650005600932650003400988650004501022700004901067700003401116700003801150740005001188BRCA_323720190320204159.0060309s1803----enk#---###---#000-0#eng-# aeng aenk a538b.D464c18031 aCervantes Saavedra, Miguel ded1547-161610aThe History of the Renowned Don Quixote de la ManchacWritten in Spanish by Miguel de Cervantes Saavedra. aEdinburgobDenham and Dickc1803 a4 v.c18 cm. aContenido : v.1. Primera parte. Noticia sobre la vida de Cervantes. Prólogo del autor. -- v.2. Texto. -- v.3. Segunda parte. Prólogo del autor. -- v.4. Texto aEdición : Translated by Several Hands and Published by the late Mr. Ozell with Explanatory Notes from Jarvis, Oudin, Sobrino, Pinedo, Gregorio, the Royal Academy Dictionary of Madrid aEdición económica de la traducción de Motteux, revisada por Ozell y con las notas tomadas de Jarvis, Oudin y otros. Piel; lomos decorados con dorados Lúdovik Osterc aQM433 aTexto en : inglés14aNovela españolayÉpoca clásica, 1500-170014aLiteratura españolayÉpoca clásica, 1500-170014aNovela españolaySiglo XVII14aDon Quijote (Personaje ficticio)eNovela1 aMotteux, Peter Anthonyd1663-1718eTraductor1 aOzell, Johnd?-1743eAnotador1 aJarvis, Charlesd?-1739eAnotador0 aEl Ingenioso Hidalgo Don Quijote de la Mancha